Cuando el tiempo está maduro

Furkejuvvon:
Bibliográfalaš dieđut
Váldodahkki: Donoso Riveros, Bernardo Alfonso (autor)
Materiálatiipa: Girji
Giella:espánnjágiella
Almmustuhtton: Valparaíso, Chile Ediciones Universitarias de Valparaíso 2006
Fáttát:
Fáddágilkorat: Lasit fáddágilkoriid
Eai fáddágilkorat, Lasit vuosttaš fáddágilkora!

MARC

LEADER 00000cam a2200000 a 4500
001 UCI1206
003 CL-VaPUC
005 20250130163535.0
008 070622e20060000CL |||||||||||||||||spa|d
999 |c 326047  |d 326045 
020 |a 9561703904 
040 |c Pontificia Universidad Católica de Valparaíso 
082 0 4 |a 305.552 DON 2006  |2 21 
100 |a Donoso Riveros, Bernardo Alfonso  |e autor  |9 545686 
245 1 0 |a Cuando el tiempo está maduro 
260 0 3 |a Valparaíso, Chile  |b Ediciones Universitarias de Valparaíso  |c 2006 
300 |a 412 páginas 
583 |a last modification  |c 20190328 01:33:53  |k Rodrigo Vera 
650 7 |a INTELECTUALISMO  |2 CL-VaPUC  |9 377120 
650 0 |a Sociedad de masas  |9 268060 
650 0 |a Literatura  |9 259151 
650 0 |a Conversaciones  |9 314515 
650 0 |a Imaginación  |9 269378 
650 7 |a PENSAMIENTOS  |2 CL-VaPUC  |9 378316 
650 0 |a Archivo histórico PUCV  |9 255554 
650 0 |a Académicos   |x Pontificia Universidad Católica de Valparaíso (PUCV)  |9 255553 
942 |c BK  |2 ddc 
945 |d 20070622 00:00:00  |a jtorresc 
952 |0 0  |1 0  |2 ddc  |4 0  |6 305_552000000000000_DON_2006  |7 0  |8 A  |9 407666  |a BIBGIM  |b BIBGIM  |d 2019-11-22  |i 4309324  |o 305.552 DON 2006  |p 4309324  |r 2025-01-15  |t 1  |w 2019-11-22  |y BK  |k GIM 
952 |0 0  |1 0  |2 ddc  |4 0  |6 305_552000000000000_DON_2006  |7 0  |8 A  |9 407667  |a BIBGIM  |b BIBGIM  |d 2019-11-22  |i 4309332  |o 305.552 DON 2006  |p 4309332  |r 2024-01-16  |t 2  |w 2019-11-22  |y BK  |k GIM 
952 |0 0  |1 0  |2 ddc  |4 0  |6 305_552000000000000_DON_2006  |7 0  |8 X  |9 407668  |a FDOBUD  |b FDOBUD  |d 2019-11-22  |i 4546261  |o 305.552 DON 2006  |p 4546261  |r 2019-11-22  |t 3  |w 2019-11-22  |y BK_X  |k FHP 
952 |0 0  |1 0  |2 ddc  |4 0  |6 305_552000000000000_DON_2006  |7 0  |8 X  |9 407669  |a FDOBUD  |b FDOBUD  |d 2019-11-22  |i 4928407  |o 305.552 DON 2006  |p 4928407  |r 2019-11-22  |t 4  |w 2019-11-22  |y BK_X  |k FHP 
952 |0 0  |1 0  |2 ddc  |3 erd  |4 0  |6 305_552000000000000_DON_2006  |7 0  |8 A  |9 407670  |a BIBENE  |b BIBENE  |i 5540364  |l 1  |o 305.552 DON 2006  |p 5540364  |r 2025-01-15  |s 2023-11-23  |t 5  |w 2019-11-22  |y BK  |z Catalogado en:20190329  |k ICO